El fracaso escolar

Guardat en:
Dades bibliogràfiques
Autor principal: Pallares Molins, Enrique (autor)
Format: Llibre
Idioma:espanyol
Publicat: Bilbao Mensajero 1989
Col·lecció:Colección Realizarse
Matèries:
Etiquetes: Afegir etiqueta
Sense etiquetes, Sigues el primer a etiquetar aquest registre!

MARC

LEADER 00000nam a2200000 a 4500
001 UCW7529
003 CL-VaPUC
008 930412e19890000SP |||||||||||||||||spa|d
082 0 4 |a 371.28  |b PAL  |2 21 
100 |a Pallares Molins, Enrique  |e autor  |9 312802 
245 1 3 |a El fracaso escolar 
300 |a 205 p 
942 |c BK 
945 |d 19930412 00:00:00 
260 |a Bilbao  |b Mensajero  |c 1989 
650 7 |a FRACASO ESCOLAR  |2 CL-VaPUC  |9 308828 
583 |a last modification  |c 19930412 00:00:00  |k Rodrigo Vera 
490 0 |a Colección Realizarse 
999 |c 220253  |d 220251 
952 |0 0  |1 0  |4 0  |6 371_280000000000000_PAL_1989  |7 0  |8 A  |9 212226  |a BIBEDU  |b BIBEDU  |d 2019-11-15  |i 2804808  |o 371.28 PAL 1989  |p 2804808  |r 2019-11-15  |w 2019-11-15  |y BK  |k EDU